Normal view
MARC view
- Karandikar K (2k71048)
Entry Personal Name
001 - CONTROL NUMBER
- control field: 101900
003 - CONTROL NUMBER IDENTIFIER
- control field: OSt
005 - DATE AND TIME OF LATEST TRANSACTION
- control field: 20221007215902.0
008 - FIXED-LENGTH DATA ELEMENTS
- fixed length control field: 221007|| aca||aabn | a|a d
040 ## - CATALOGING SOURCE
- Original cataloging agency: OSt
- Transcribing agency: OSt
100 ## - HEADING--PERSONAL NAME
- Personal name: Karandikar K (2k71048)
670 ## - SOURCE DATA FOUND
- Source citation: Work cat.: (OSt)69055: Karandikar K (2k71048), A Study of Effectiveness of the Employee Referral Program as a Channel for Talent Acquisition, 2009